Qué es el humanismo /

Guardado en:
Autor Principal: Sciacca, Michele Federico
Formato: Libro
Publicado: Buenos Aires : Columba, 1966
Edición:2a. ed.
Materias:
Etiquetas: Agregar Etiqueta
Sin Etiquetas, Sea el primero en etiquetar este registro!
LEADER 00877nam a22002175a 4500
001 CEM.cems005913
005 20060214000000.0
008 130507s1966##################000#0#####d
003 CEMS
082 0 4 |a 144 
100 1 |a Sciacca, Michele Federico 
245 1 0 |a Qué es el humanismo / 
250 |a 2a. ed. 
260 |a Buenos Aires :  |b Columba,  |c 1966 
300 |a 62 p. 
505 0 |a Renacimientos, Humanismo; San Anselmo, <Abelardo>, San Bernardo, Ricardo de San Víctor; Condiciónes del s.XIII; Diversidad del s.XIII: <Bacon> , San Buenaventura, <Santo Tomas>; Dos modos de pensamiento: <Juan Escoto> <G. de Occam>; Aspectos de los s.XIV y XV. 
653 |a Humanismo 
653 |a Humanismo cristiano 
653 |a Humanismo existencialista 
859 |a CEMS  |b BIB. CEMS - 11 de abril  |h 144  |i Sci1a2  |p 3526.75  |t Ej.1 
859 |a CEMS  |b BIB. CEMS - 11 de abril  |h 144  |i Sci1a2  |p 3527.75  |t Ej.2